| 000 | 00947cam a2200157 4500500 | ||
|---|---|---|---|
| 005 | 20251228060114.0 | ||
| 041 | _afre | ||
| 042 | _adc | ||
| 100 | 1 | 0 |
_aVacher-Neill, Nicole _eauthor |
| 245 | 0 | 0 | _aInterview d'une jeune adulte, Lola, 24 ans |
| 260 | _c2005. | ||
| 500 | _a44 | ||
| 520 | _aRésumé Le recours aux contes de fées peut s’avérer un outil thérapeutique efficient pour les équipes soignantes. Il offre aux soignants l’occasion de dédramatiser des problématiques familiales douloureuses et d’analyser ce qui se rejoue dans le transfert. Les situations spécifiques propres à l’adoption peuvent s’avérer particulièrement violentes à l’adolescence. Deux contes relatant deux cas cliniques viennent illustrer notre propos. | ||
| 786 | 0 | _nEnfances & Psy | 29 | 4 | 2005-10-01 | p. 169-175 | 1286-5559 | |
| 856 | 4 | 1 | _uhttps://shs.cairn.info/revue-enfances-et-psy-2005-4-page-169?lang=fr&redirect-ssocas=7080 |
| 999 |
_c1586974 _d1586974 |
||